Elektronické zariadenia 2

Bibliographic Details
Main Authors: Rovňák, Viliam (Author), Levický, Dušan, 1948- (Author)
Format: Book
Language:Slovak
PhysicalDescription:400 s., 23,14 AH Sch. 21 cm
Published: Bratislava Alfa 1990
ISBN:8005004427
Edition:3. vyd.
Series:Edícia elektrotechnickej literatúry

MARC

LEADER 00000nam a2200000 a 4500
001 vtls001063195
003 SK-MaSNL
005 20260301000124.0
008 250414s1990 xo 0 slo
015 |a SNBA1991/01 
020 |a 8005004427 
035 |a SNK000006024 
040 |a SNK  |b slo  |c SNK  |e AACR2 
041 0 |a slo 
044 |a xo  |c SK 
080 |a 621.37/.38(075.3)  |2 1981 
100 1 |a Rovňák, Viliam  |4 aut  |9 276959 
245 1 0 |a Elektronické zariadenia 2  |c Viliam Rovňák, Dušan Levický 
250 |a 3. vyd. 
260 |a Bratislava  |b Alfa  |c 1990  |e Nitra  |f Nitrianske tlačiarne 
300 |a 400 s., 23,14 AH  |b Sch.  |c 21 cm 
366 |e 1000 výtl. 
490 0 |a Edícia elektrotechnickej literatúry 
500 |a Schválilo MŠ SSR. 
700 1 |a Levický, Dušan,  |d 1948-  |4 aut  |9 214752 
852 |a Slovenská národná knižnica 
919 |a 80-05-00442-7 
958 |a UC 
958 |a TL 
958 |a OND 
999 |c 532004  |d 533934 
952 |t P60, <04>, [BOOK], {604}  |a SNK  |b SNK  |y VYP  |7 0  |p 17A0353200  |o snkSC 78226/2 D2  |i snkKSP 9860/2002  |0 0  |1 0  |4 0  |d 2002-08-12  |l 0  |r 2004-12-31 00:00:00  |w 2026-02-23 
952 |a SNK  |b SNK  |y PREZ  |7 0  |p 17A0991244  |o snkSC 78226/2   |0 0  |1 0  |4 0  |d 2012-08-15  |l 0  |r 2026-02-23 12:11:18  |w 2026-02-23